• 首页
  • 本馆介绍
  • 公告通知
  • 最新文献
  • 馆藏检索
  • 电子资源
  • 读者导购
  • 参考咨询
  • 我的图书馆
  • 登录
  • 详细信息显示
  • 放入我的书架
  • 预约/预借图书
  • 作者相关作品
  • 分类相关作品
  • 丛书相关作品
  • 出版社相关作品

书目信息

  • 表格格式
  • 工作单格式
  • 卡片格式
题名:
正确认识思想政治工作面临的新问题
    
 
作者: 王伟光 主编
分册:  
出版信息: 北京   人民出版社  2001
页数: 270页
开本: 20cm
丛书名:
单 册:
中图分类: D261.1
科图分类:
主题词: 中国共产党--政治工作--学习参考资料
电子资源:
ISBN: 7-01-003312-9
000 00893nam0 2200205 45
001 0304230031
005 20031219104109.7
010    @a7-01-003312-9@dCNY16.00
100    @a20030423d2001 km y0chiy0120 ea
101 0  @achi
105    @a z 000yy
200 1  @a正确认识思想政治工作面临的新问题@AZheng Que Ren Shi Si Xiang Zheng Zhi Gong Zuo Mian Lin De Xin Wen Ti@e学习江泽民同志关于“四个如何认识”的重要思想@EXue Xi Jiang Ze Min Tong Zhi Guan Yu“Si Ge Ru He Ren Shi”De Zhong Yao Si Xiang@f王伟光主编@FWang Wei Guang Zhu Bian
210    @a北京@c人民出版社@d2001
215    @a270页@d20cm
517 1  @a学习江泽民同志关于“四个如何认识”的重要思想@AXue Xi Jiang Ze Min TongZhi Guan Yu“Si Ge Ru He Ren Shi”De Zhong Yao Si Xiang
606 0  @a中国共产党@x政治工作@x学习参考资料
690    @aD261.1@v4
701  0 @a王伟光@4主编
801    @aCN@bTSTC@c20030423
905    @b323170@dD261.1@e66@f1
    
    正确认识思想政治工作面临的新问题:学习江泽民同志关于“四个如何认识”的重要思想/王伟光主编.-北京:人民出版社,2001
    270页;20cm
    
    
    ISBN 7-01-003312-9:CNY16.00
    
●
相关链接 在E读中查询图书 在五车中查询图书 在当当中查询图书 在豆瓣中查询图书


正题名:正确认识思想政治工作面临的新问题     索取号:D261.1/66         预约/预借

序号 登录号 条形码 馆藏地/架位号 状态 备注
1 0323170   203231706   第一样本阅览室/ [索取号:D261.1/66] 在馆    
唐山师范学院图书馆 欢迎您!
大连网信软件有限公司© 版权所有